00452nam a22001457a 450000500170000001000130001703500130003003700130004308200110005610000240006724500740009126000520016527000580021730000310027520181218100655.0 aB-713012 aB-713012 bBPPD/PUB a340.12 aBhandari, Munish CA aA handbook on law, ethics and communication /cby CA munish bhandari  aNew DelhibBestword publications pvt.ltd c2008 aB-11, Third floor, swasthya viharbNew delhi e110092 aVarious page.c26 cm (Pbk)